Premier League Hatricks - Statistics

General Stats
  • This quiz has been taken 158 times
  • The average score is 21 of 52
Answer Stats
Hint Answer % Correct
6 Wayne Rooney
88%
11 Alan Shearer
85%
5 Sergio Aguero
83%
8 Thierry Henry
83%
3 Frank Lampard
79%
3 Didier Drogba
76%
2 Steven Gerrard
74%
2 Harry Kane
73%
8 Michael Owen
71%
5 Andy Cole
69%
5 Robin Van Persie
68%
4 Dwight Yorke
62%
9 Robbie Fowler
62%
5 Ruud Van Nistelrooy
62%
2 Demba Ba
61%
6 Luis Suarez
61%
4 Fernando Torres
59%
4 Jermain Defoe
59%
5 Dimitar Berbatov
58%
4 Teddy Sheringham
56%
2 Paul Scholes
55%
3 Robbie Keane
52%
4 Carlos Tevez
48%
5 Ian Wright
48%
4 Les Ferdinand
41%
2 Romelu Lukaku
39%
3 Nicholas Anelka
38%
4 Matt Le Tissier
37%
3 Dion Dublin
34%
4 Chris Sutton
33%
2 Sadio Mane
33%
2 Kevin Phillips
32%
3 Emmanuel Adebayor
25%
3 Theo Walcott
24%
2 Mark Viduka
22%
2 Andy Carroll
18%
2 Christian Benteke
18%
4 Yakubu
16%
4 Kevin Campbell
11%
2 Tony Yeboah
10%
2 Benjani
5%
4 Jimmy Floyd Hasselbaink
5%
2 Maxi Rodriguez
5%
2 Steffen Iversen
5%
3 Tony Cottee
5%
2 Andrei Kanchelskis
4%
2 Darren Huckerby
4%
3 Ole Gunner Solskjaer
4%
2 Kevin Gallacher
3%
2 Kevin Nolan
3%
2 Paul Kitson
2%
2 Fabrizio Ravenelli
1%
No matching quizzes found
Score Distribution
Percent of People with Each Score
Percentile by Number Answered
Your Score History
You have not taken this quiz